1474 1015 1994 1895 1341 1123 1215 1063 1005 1909 1099 1309 1586 1460 1325 1039 1275 1685 1684 1085 1327 1209 1077 1852 1149 1791 1924 1677 1919 1040 1410 1043 1134 1954 1306 1844 1247 1177 1325 1409 1789 1725 1299 1223 1539 1462 1342 1633 1232 1295 1625 1173 1191 1198 1379 1993 1807 1881 1119 1323 1366 1607 1290 1186 1827 1062 1620 1325 1586 1329 1129 1132 1039 1041 1116 1817 1149 1191 1665 1963 1860 1944 1261 1291 1792 1813 1943 1857 1959 1140 1262 1558 1381 1852 1127 1537 1840 1466 1749 BCNSPRNW ULIB Ver.6.0+V

เปลี่ยนเป็นภาษาไทย

Change to English
 แสดงรายละเอียดบรรณานุกรม
  กลับหน้าหลัก

Brief Record : Get Marc (ISO 2709) : E-mail record : QR code < ปิดหน้าต่าง
LEADER : 00000nam 2200000uu 4500
001    13399125859
003     ULIB
008    020711s2016 th a 000 0 eng d
020    ^a9780826128171
060    ^aWY128^bS-P
100    ^aSipes, Carolyn.
245    ^aProject management for the advanced practice nurse/^bSipes, Carolyn.
260    ^aNew York :^bSpringer Publishing Company,^c2016
300    ^a168 pages;^c22 cm
650    ^aAdvanced Practice Nursing-organization
650  0 ^aPlanning Technique
650  0 ^aProgram Development
945    ^p2176^l0^i003241
999    ^aประนอม เกษจรัล
รายการนี้ยังไม่มีแท็ก
คุณยังไม่ได้ล็อกอิน คุณสามารถมีกิจกรรมร่วมกับเว็บไซต์ได้ แต่ต้องล็อกอินก่อน ::
  ล็อกอิน

รายการสื่อสารสนเทศ

ลำดับที่ ประเภท เลขเรียก/บาร์โค้ด สถานที่ สถานะ
1. วิทยาศาสตร์การแพทย์ และสุขภาพ
หนังสือสำรอง
สถานะ=หนังสือสำรอง
WY128 S-P ฉ.1 
  Barcode: 003241
ห้องสมุดวิทยาเขตสวรรค์ประชารักษ์
►หนังสือทั่วไป
บนชั้น

รายการใกล้เคียง
    หัวเรื่อง [Program Development]

BibComment


ยังไม่เคยถูกคอมเมนท์

คอมเมนท์ทรัพยากรรายการนี้
  คอมเมนท์: Project manageme..


 Copyright 2026. Bcnsprnw @Library